[Event "GER Seniors Derby 17th"]
[Site "Wesel Undeloh"]
[Date "2018.03.17"]
[Round "5"]
[White "Kummer, Wolfgang"]
[Black "Meyer, Willfried"]
[Result "1-0"]
[WhiteElo "1751"]
[BlackElo "1840"]
[PlyCount "61"]
[EventDate "2018.03.15"]
[EventType "swiss"]
[EventRounds "7"]
[EventCountry "GER"]
[SourceTitle "EXT 2019"]
[Source "ChessBase"]
[SourceDate "2018.10.10"]
[SourceVersion "1"]
[SourceVersionDate "2018.10.10"]
[SourceQuality "1"]

1. c4 e5 2. g3 Nc6 3. Bg2 f5 4. e3 Bc5 5. Ne2 Nf6 6. a3 a5 7. 0-0 e4 8. Nbc3 0-0 9. d3 exd3 10. Qxd3 d6 11. b3 Qe8 12. Nf4 g5 13. Nfd5 Qh5 14. Qe2 Qh6 15. Nxf6+ Rxf6 16. Nd5 Rg6 17. Bb2 Bd7 18. b4 Ba7 19. b5 Ne5 20. Ne7+ Kf7 21. Nxg6 hxg6 22. Bd4 Rh8 23. Bd5+ Kf6 24. f4 gxf4 25. Rxf4 Bxd4 26. exd4 Ng4 27. Rxg4 fxg4 28. Rf1+ Bf5 29. Qe6+ Kg5 30. Qe7+ Kh5 31. Qh4# 1-0

[Event "GER Seniors Derby 17th"]
[Site "Wesel Undeloh"]
[Date "2018.03.15"]
[Round "1"]
[White "Kwan, Michael"]
[Black "Meyer, Willfried"]
[Result "1-0"]
[WhiteElo "1988"]
[BlackElo "1840"]
[PlyCount "41"]
[EventDate "2018.03.15"]
[EventType "swiss"]
[EventRounds "7"]
[EventCountry "GER"]
[SourceTitle "EXT 2019"]
[Source "ChessBase"]
[SourceDate "2018.10.10"]
[SourceVersion "1"]
[SourceVersionDate "2018.10.10"]
[SourceQuality "1"]

1. Nf3 Nf6 2. c4 c5 3. Nc3 Nc6 4. g3 g6 5. Bg2 Bg7 6. 0-0 0-0 7. d4 d5 8. dxc5 d4 9. Nb5 e5 10. e3 d3 11. Ne1 e4 12. f3 Ne5 13. Nd6 Qa5 14. f4 Nc6 15. Nxe4 Nxe4 16. Bxe4 Qxc5 17. Bd5 d2 18. Qxd2 Ne7 19. Nd3 Qd6 20. Nf2 Rb8 21. Bxf7+ 1-0

[Event "Berlin Lichtenberger op 11th"]
[Site "Berlin"]
[Date "2012.08.19"]
[Round "2"]
[White "Toth, Hans Juergen"]
[Black "Meyer, Willfried"]
[Result "0-1"]
[WhiteElo "1638"]
[BlackElo "1807"]
[PlyCount "48"]
[EventDate "2012.08.18"]
[EventType "swiss"]
[EventRounds "9"]
[EventCountry "GER"]
[SourceTitle "CBM 150 Extra"]
[Source "ChessBase"]
[SourceDate "2012.10.19"]
[SourceVersion "1"]
[SourceVersionDate "2012.10.19"]
[SourceQuality "1"]

1. f4 e5 2. fxe5 d6 3. exd6 Bxd6 4. Nf3 Bg4 5. g3 h5 6. d4 h4 7. Bg5 f6 8. Bf4 hxg3 9. Bxd6 Qxd6 10. h3 Qd7 11. Ng1 Qd5 12. Nf3 Qh5 13. Bg2 Bf5 14. Qd2 Nc6 15. Na3 0-0-0 16. 0-0-0 g5 17. Qc3 Nge7 18. Ne1 Qxe2 19. Rd2 Qe6 20. Nc4 Nd5 21. Qxg3 Ndb4 22. Qb3 b5 23. Na3 Nxa2+ 24. Kb1 Qxb3 0-1